000 01079nam a2200193 a 4500
008 091029s1998 ||||||||||||||||| || u
020 _a9982240102
050 _aPR 9405.9.E66W84
100 _aEllison, Gabriel
245 1 0 _aChisi: a woman of courage
_cGabriel Ellison
260 _aLusaka
_bBookworld Publishers
_c1998
300 _avi, 129p.
350 _a20500.00
650 _aENGLISH LANGUAGE
995 _aSPECIAL COLLECTIONS
_D20500.00
_e740381
_FCBU-MAIN LIBRARY (Kitwe)
_H1
_I20500.00
_jZAM PR 9405.9. E66 W84
_M2
_UAVAILABLE
_WNov 19, 2009
_y740381
_ZZambiana Collection
995 _aSPECIAL COLLECTIONS
_D20500.00
_e740380
_FCBU-MAIN LIBRARY (Kitwe)
_H1
_I20500.00
_jZAM PR 9405.9. E66 W84
_M1
_UAVAILABLE
_WNov 19, 2009
_y740380
_ZZambiana Collection
995 _aFICTION Collection
_D20500.00
_e740382
_FCBU-MAIN LIBRARY (Kitwe)
_H1
_I20500.00
_jPR 9405.9. E66 W84
_M3
_UAVAILABLE
_WNov 19, 2009
_y740382
_ZFiction Collection
995 _aFICTION Collection
_D20500.00
_e740383
_FCBU-MAIN LIBRARY (Kitwe)
_H1
_I20500.00
_jPR 9405.9. E66 W84
_M4
_UAVAILABLE
_WNov 19, 2009
_y740383
_ZFiction Collection
999 _c79338
_d79338